000
00298nam a22001337a 4500
008
170711b xxu||||| |||| 00| 0 eng d
020
_a
9791851094904
041
_a
eng
080
_a
030
100
_a
23
101
_a
ENC
245
_a
WEAPONS OF MASS DESTRUCTION
_c
CRODDY, E.A
942
_2
udc
_c
BK
999
_c
20211
_d
20211